Religião e ideal maçónico (Registo nº 198919)
[ vista simples ]
| 000 -Etiqueta do registo | |
|---|---|
| Valores | 00841nam 22002653 4500 |
| 021 ## - Número do Depósito Legal | |
| Código do país | Portugal |
| Número | 81011/94 |
| 100 ## - Dados gerais de processamento | |
| Dados gerais | 20251110d u||y0pory50 ba |
| 101 ## - Língua de publicação | |
| Língua | Português |
| 102 ## - País de publicação | |
| País | Portugal |
| 200 ## - Titulo e menção de responsabilidade | |
| Título próprio | Religião e ideal maçónico |
| Informação de outro título | convergências |
| Primeira menção de responsabilidade | António Carlos Carvalho...[et al.] |
| 210 ## - Publicação | |
| Local de publicação | Lisboa |
| Nome do editor | Instituto Sociologia e Etnologia das Religiões |
| Data de publicação | D.L. 1994 |
| 215 ## - Descrição física | |
| Paginação / Volumes | 211 p. |
| Outras indicações físicas | il. ; brochado |
| Dimensões | 24 cm |
| 317 ## - Nota de proveniência | |
| Texto da nota | . - oferta do autor |
| 606 ## - Nome comum usado como assunto | |
| ID Autoridade | 34 |
| Palavra de ordem | Religião. Teologia |
| 610 ## - Termos não controlados | |
| Palavra de ordem | Maçonaria -- Congressos -- [Actas] |
| 610 ## - Termos não controlados | |
| Palavra de ordem | Maçonaria--Movimento Católico Português |
| 675 ## - CDU | |
| Notação | 2 |
| Edição | PT |
| Língua | por |
| 675 ## - CDU | |
| Notação | 061.3(469)"1994" |
| Edição | PT |
| Língua | por |
| 675 ## - CDU | |
| Notação | 061.236 |
| Edição | PT |
| Língua | por |
| 701 ## - Co-autor principal (pessoa individual) | |
| ID Autoridade | 14821 |
| Apelido | Carvalho |
| Nome | António Carlos |
| Datas | 1947- |
| 801 ## - Fonte de origem | |
| País | PT |
| Agência | BMMN |
| Regras de catalogação | RPC |
| 830 ## - Notas gerais do catalogador | |
| Criado por | Ana |
| Indexado por | Ana |
| 990 ## - Elementos KOHA | |
| Tipo de documento | Livro |
| Situação do levantamento | Biblioteca de origem | Código de barras | Cota | Permissão de empréstimo | Tipo de documento | Forma de aquisição |
|---|---|---|---|---|---|---|
| Biblioteca Municipal de Montemor-o-Novo | 27508 | 2 REL|DEP | Livro | Oferta |